Reivindicación del sindicalismo
Gorde:
| Egile nagusia: | |
|---|---|
| Formatua: | Liburua |
| Hizkuntza: | gaztelania |
| Argitaratua: |
Madrid
Fundación 1º de Mayo
2012
|
| Gaiak: | |
| Etiketak: |
Etiketa erantsi
Etiketarik gabe, Izan zaitez lehena erregistro honi etiketa jartzen!
|
MARC
| LEADER | 00000cam a2200000 a 4500 | ||
|---|---|---|---|
| 001 | UCF2036 | ||
| 003 | CL-VaPUC | ||
| 008 | 120802e20120100SP |||||||||||||||||spa|d | ||
| 020 | |a 9788415000488 | ||
| 082 | 0 | 4 | |a 331.8 |b BEN |2 21 |
| 100 | 0 | |a Beneyto Calatayud, Pere J |e author |9 563617 | |
| 245 | 1 | 0 | |a Reivindicación del sindicalismo |
| 300 | |a 432 p | ||
| 942 | |c BK | ||
| 945 | |d 20120802 00:00:00 |a dcastane | ||
| 260 | |a Madrid |b Fundación 1º de Mayo |c 2012 | ||
| 650 | 7 | |a SINDICALISMO |2 CL-VaPUC |9 563618 | |
| 650 | 7 | |a HISTORIA DEL SINDICALISMO |2 CL-VaPUC |9 563619 | |
| 651 | 0 | |a España |9 254926 | |
| 583 | |a last modification |c 20120802 10:35:00 |k Rodrigo Vera | ||
| 999 | |c 348709 |d 348707 | ||
| 952 | |0 0 |1 0 |4 0 |6 331_800000000000000_BEN_2012 |7 0 |8 A |9 450849 |a BIBDER |b BIBDER |d 2019-11-22 |i 4887549 |o 331.8 BEN 2012 |p 4887549 |r 2023-01-25 |w 2019-11-22 |y BK |k DER | ||